Statistics for Countries where Burkas are banned

Click here to take the quiz!

General Stats

  • This quiz has been taken 41 times
  • The average score is 13 of 26

Answer Stats

Continent Country % Correct
EuropeGermany
88%
EuropeSpain
85%
Asia/ EuropeRussia
85%
EuropeFrance
82%
AsiaChina
82%
EuropeItaly
76%
EuropeBelgium
76%
EuropeDenmark
76%
EuropeSwitzerland
74%
Europethe Netherlands
74%
EuropeAustria
74%
EuropeNorway
71%
Asia/ EuropeTurkey
65%
EuropeBulgaria
41%
EuropeLatvia
32%
EuropeBosnia and Herzegovina
26%
AsiaAzerbaijan
24%
EuropeKosovo
24%
AfricaRepublic of the Congo
21%
AfricaMorocco
21%
AfricaGabon
18%
AsiaSri Lanka
15%
AsiaMyanmar
12%
AfricaChad
12%
AfricaCameroon
9%
AsiaTajikistan
6%

Score Distribution

Percentile by Number Answered

Percent of People with Each Score

Your Score History

You have not taken this quiz